000 00462nam a2200193Ia 4500
005 20250923144338.0
008 008 250917s9999 xx 000 0 eng d
037 _aReports
040 _aDSWL
_beng
_cDSWL
041 _aeng
_2eng
084 _qDSWL
245 0 _aReport 1946
_cEd.by U.K. Children Committee
260 _aLondon
_bHMSO
_c1946
300 _a195 p.
365 _aINR
_b3
925 _g3
942 _cREP
999 _c1437718
_d1437718